000
00266nam a2200109Ia 4500
008
190911s9999||||xx |||||||||||||| ||und||
100
_a
Finkel,Raphael A.
245
0
_a
Advanced Progamming Language Design
260
_a
USA
_b
Pearson
_c
1995
300
_a
480
942
_c
BK
999
_c
6967
_d
6967